Statistics for Famous Americans Who Died In Plane Crashes

Click here to take the quiz!

General Stats

  • This quiz has been taken 53 times
    (38 since last reset)
  • The average score is 6 of 10

Answer Stats

Where When Person Occupation % Correct
Pacific OceanJuly 2, 1937Amelia EarhartAviator
91%
Mason City, IowaFebruary 3, 1959Buddy HollyMusician
82%
Martha's Vineyard, MassachusettsJuly 16, 1999John F. Kennedy Jr.Lawyer
76%
Mason City, IowaFebruary 3, 1959Ritchie ValensMusician
62%
Mason City, IowaFebruary 3, 1959Jape RichardsonMusician
59%
Monterey Bay, CaliforniaOctober 12, 1997John DenverMusician
50%
Gillsburg, MississippiOctober 20, 1977Lynyrd SkynyrdRock Band
47%
English ChannelDecember 15, 1944Glenn MillerBandleader
38%
Lake Monona, WisconsinDecember 9, 1967Otis ReddingMusician
32%
De Kalb, TexasDecember 26, 1985Ricky NelsonMusician
21%

Score Distribution

Percentile by Number Answered

Percent of People with Each Score

Your Score History

You have not taken this quiz since the last reset